1975通商白書・各論(昭和50年版)

Kaydedildi:
Detaylı Bibliyografya
Müşterek Yazar: 通商産業省
Materyal Türü: Kitap
Dil:Undetermined
Baskı/Yayın Bilgisi: 東京 通商産業省 1975
Konular:
Etiketler: Etiketle
Etiket eklenmemiş, İlk siz ekleyin!
Thư viện lưu trữ: Trung tâm Học liệu Trường Đại học Cần Thơ
LEADER 00537nam a2200193Ia 4500
001 CTU_83997
008 210402s9999 xx 000 0 und d
082 |a 380.1 
082 |b T877 
110 |a 通商産業省 
245 0 |a 1975通商白書・各論(昭和50年版) 
245 0 |c 通商産業省 
260 |a 東京 
260 |b 通商産業省 
260 |c 1975 
650 |a Commerce,Commerce in Japan 
904 |i QHieu (sửa) 
910 |i Ngoc 
980 |a Trung tâm Học liệu Trường Đại học Cần Thơ